000 02124nam0a2200373 4500
001 RU\NLR\BIBL_A\012555491
005 20210811145036.0
010 _a978-5-6045577-5-4
_9300
021 _aRU
_bКН-П-21-010640
_9КН-П-21-0856
035 _a(NLR Aleph) 012555491
090 _a12444142
_c12444142
100 _a20210630d2020 u y0rusy50 ca
101 0 _arus
102 _aRU
105 _ay z 000zy
181 0 _ai
_baxxe
182 0 _an
200 1 _aПраво на охрану здоровья и медицинскую помощь как конституционная ценность
_eмонография
_fГ.Н. Кулешов, А.А. Незнамова, С.М. Попова
_gМинистерство науки и высшего образования Российской Федерации, Федеральное государственное бюджетное образовательное учреждение высшего образования "Российский государственный социальный университет"
203 _aТекст
_bвизуальный
_cнепосредственный
210 _aМосква
_cСаратовский источник
_d2020
215 _a111 с.
_d20
320 _aБиблиогр.: с. 92-110 (172 назв.) и в подстроч. примеч.
606 1 _aПраво на охрану здоровья
_yРоссийская Федерация
_2nlr_sh2
_3RU\NLR\AUTH\661562755
606 1 _aМедицинская помощь
_xПравовые вопросы
_yРоссийская Федерация
_2nlr_sh1
_2nlr_sh2
_3RU\NLR\AUTH\661307032
686 1 _aХ620.321
686 1 _aХ621.154
700 1 _aКулешов
_bГ. Н.
_gГеоргий Николаевич
701 1 _aНезнамова
_bА. А.
_gАлла Андреевна
701 1 _aПопова
_bС. М.
_cканд. полит. наук
_f1965-
_gСветлана Михайловна
_3RU\NLR\AUTH\77106824
942 _cBOOK
980 _aNBR
980 _aNB